| 000 | 00553 a2200205 4500 | ||
|---|---|---|---|
| 260 | _aParis | ||
| 100 | _aSociété Générale des Techniques Hydro-agricoles. Paris | ||
| 260 | _bSecrétariat d'Etat aux Affaires Etrangères | ||
| 245 | _aLes ouvrgaes en gabions : Techniques rurales en Afrique | ||
| 300 | _aVI, 121 p. | ||
| 650 | _a<Agriculture-Outillage> | ||
| 260 | _c1974 | ||
| 300 | _bill. ; 27 cm | ||
| 130 | _lFr. | ||
| 035 | _a3930 | ||
| 500 | _aBibliographie : p. IV | ||
| 999 |
_c11518 _d11518 |
||